Statistics for Largest Bordering Country

Click here to take the quiz!

General Stats

  • This quiz has been taken 22 times
  • The average score is 103 of 156

Answer Stats

HintAnswer% Correct
BrazilArgentina
94%
BoliviaBrazil
94%
ArgentinaBrazil
94%
BhutanChina
94%
BelgiumFrance
94%
AndorraFrance
94%
BangladeshIndia
94%
AlgeriaLibya
94%
BelarusRussia
94%
AngolaD. R. Congo
89%
AustriaGermany
89%
BelizeMexico
89%
ChileArgentina
83%
ColombiaBrazil
83%
BurundiD. R. Congo
83%
DenmarkGermany
83%
AlbaniaGreece
83%
BruneiMalaysia
83%
BeninNiger
83%
ChinaRussia
83%
AzerbaijanRussia
83%
Bosnia and HerzegovinaSerbia
83%
BotswanaSouth Africa
83%
AfghanistanChina
78%
LaosChina
78%
HaitiDominican Republic
78%
Rep. CongoD. R. Congo
78%
Central African RepublicD. R. Congo
78%
KenyaEthiopia
78%
DjiboutiEthiopia
78%
GermanyFrance
78%
Dominican RepublicHaiti
78%
East TimorIndonesia
78%
ArmeniaIran
78%
GuatemalaMexico
78%
Costa RicaNicaragua
78%
IndonesiaPapua New Guinea
78%
EcuadorPeru
78%
GeorgiaRussia
78%
EstoniaRussia
78%
KazakhstanRussia
78%
FinlandRussia
78%
LatviaRussia
78%
KuwaitSaudi Arabia
78%
EswatiniSouth Africa
78%
LesothoSouth Africa
78%
EthiopiaSudan
78%
EgyptSudan
78%
CambodiaThailand
78%
IrelandUnited Kingdom
78%
CanadaUnited States
78%
MoroccoAlgeria
72%
MauritaniaAlgeria
72%
LibyaAlgeria
72%
LiechtensteinAustria
72%
GuyanaBrazil
72%
FranceBrazil
72%
IndiaChina
72%
KyrgyzstanChina
72%
NepalChina
72%
IsraelEgypt
72%
MonacoFrance
72%
ItalyFrance
72%
LuxembourgFrance
72%
CzechiaGermany
72%
NetherlandsGermany
72%
MalaysiaIndonesia
72%
HondurasNicaragua
72%
Burkina FasoNiger
72%
MongoliaRussia
72%
LithuaniaRussia
72%
North KoreaRussia
72%
OmanSaudi Arabia
72%
IraqSaudi Arabia
72%
JordanSaudi Arabia
72%
KosovoSerbia
72%
ChadSudan
72%
MaliAlgeria
67%
NigerAlgeria
67%
PeruBrazil
67%
ParaguayBrazil
67%
CameroonChad
67%
PakistanChina
67%
MyanmarChina
67%
PanamaColombia
67%
El SalvadorHonduras
67%
Papua New GuineaIndonesia
67%
NigeriaNiger
67%
IranPakistan
67%
NorwayRussia
67%
EritreaSudan
67%
LebanonSyria
67%
BulgariaTurkey
67%
GreeceTurkey
67%
HungaryUkraine
67%
MoldovaUkraine
67%
MexicoUnited States
67%
D. R. CongoAngola
61%
NamibiaAngola
61%
North MacedoniaGreece
61%
Guinea-BissauGuinea
61%
CroatiaHungary
61%
LiberiaIvory Coast
61%
GhanaIvory Coast
61%
GuineaMali
61%
Ivory CoastMali
61%
PolandRussia
61%
GambiaSenegal
61%
MontenegroSerbia
61%
MozambiqueSouth Africa
61%
PortugalSpain
61%
Equatorial GuineaCameroon
56%
RussiaChina
56%
SpainFrance
56%
NicaraguaHonduras
56%
San MarinoItaly
56%
South KoreaNorth Korea
56%
SwedenNorway
56%
QatarSaudi Arabia
56%
MalawiTanzania
56%
TunisiaAlgeria
50%
UruguayBrazil
50%
GabonCameroon
50%
United StatesCanada
50%
SwitzerlandFrance
50%
United KingdomIreland
50%
Vatican CityItaly
50%
UkraineRussia
50%
United Arab EmiratesSaudi Arabia
50%
RomaniaUkraine
50%
VenezuelaBrazil
44%
SurinameBrazil
44%
South SudanD. R. Congo
44%
RwandaD. R. Congo
44%
SomaliaEthiopia
44%
SloveniaItaly
44%
SudanLibya
44%
South AfricaNamibia
44%
SyriaTurkey
44%
Saudi ArabiaYemen
44%
TajikistanChina
39%
UgandaD. R. Congo
39%
TanzaniaD. R. Congo
39%
Sierra LeoneGuinea
39%
TurkmenistanKazakhstan
39%
SenegalMali
39%
ThailandMyanmar
39%
SerbiaRomania
39%
SlovakiaUkraine
39%
TogoBurkina Faso
33%
VietnamChina
33%
ZambiaD. R. Congo
33%
TurkeyIran
33%
UzbekistanKazakhstan
33%
YemenSaudi Arabia
33%
ZimbabweSouth Africa
33%

Score Distribution

Percentile by Number Answered

Percent of People with Each Score

Your Score History

You have not taken this quiz